Estadísticas para Vocabulario de la letra A

Haz click aquí para tomar la prueba!

Estadísticas generales

  • Esta prueba ha sido tomada 174 veces
  • La puntuación promedio es 6 de 22

Estadísticas de respuestas

DefiniciónPalabra% Correcto
Arañas y escorpiones, por ejemploArácnidos
70%
Dulce y amargo a la vezAgridulce
67%
Lo que toma un estudiante durante una claseApuntes
60%
La industría de los granjerosAgricultura
59%
Meter un objeto punzante en el cuerpo de alguienApuñalar
52%
El miedo de las multitudes o de los espacios grandesAgorafobia
46%
Como un niñoAniñado
34%
Lo que sufren los esquizofrénicosAlucinaciones
31%
CaimánAligátor
26%
Como un gitanoAgitanado
22%
Contraer la gripeAgriparse
19%
Desaprobación de una multitudAbucheo
19%
Femenino y masculinoAndrógino
17%
ResfriadoAcatarrado
15%
Una palabra árabeArabismo
12%
Lo que hizo que Dorothy se quedara dormidaAmapolas
11%
Evitación o disgustadoAversión
2%
Una persona tímida en una fiestaAlhelí
2%
AsfixiaAgobio
2%
Hormiga con alasAluda
1%
Planta morada y fraganteAlhucema
0%
ForasteroAlienígena
0%

Distribución de puntuación

Porcentaje por número respondido

Porcentaje de gente con cada puntuación

Historial de tus puntuaciones

No has tomado esta prueba